Statistiche per Top 10 Città più popolose Provincia di Cremona

Clicka qui per fare il quiz!

Statistiche generali

  • Questo quiz è stato fatto 9 volte
  • Il punteggio medio è 7 su 10

Statistiche sulle risposte

Popolazione (ab.)Città% Corretto
33 091Crema
100%
69 589Cremona
100%
15 111Casalmaggiore
86%
8 995Soresina
71%
9 506Castelleone
57%
6 703Pizzighettone
57%
7 918Rivolta d'Adda
57%
7 699Soncino
57%
6 851Spino d'Adda
57%
8 885Pandino
29%

Distribuzione punteggi

Percentile per numero di risposta

Percentuale di utenti per punteggio

I tuoi punteggi nel tempo

Non hai fatto questo quiz